Diseño y análisis de elementos de máquinas
সংরক্ষণ করুন:
| প্রধান লেখক: | |
|---|---|
| বিন্যাস: | গ্রন্থ |
| ভাষা: | স্প্যানিশ |
| প্রকাশিত: |
Ciudad de México
Limusa
1969
|
| বিষয়গুলি: | |
| ট্যাগগুলো: |
ট্যাগ যুক্ত করুন
কোনো ট্যাগ নেই, প্রথমজন হিসাবে ট্যাগ করুন!
|
MARC
| LEADER | 00000nam a2200000 a 4500 | ||
|---|---|---|---|
| 001 | UCP2333 | ||
| 003 | CL-VaPUC | ||
| 008 | 990514e19690000MX |||||||||||||||||spa|d | ||
| 082 | 0 | 4 | |a 621.815 |b SLA |2 21 |
| 100 | 0 | |a Slaymaker, R. R |e author |9 429009 | |
| 245 | 1 | 0 | |a Diseño y análisis de elementos de máquinas |
| 300 | |a 461 p | ||
| 942 | |c BK | ||
| 945 | |d 19990514 00:00:00 |a cmena | ||
| 260 | |a Ciudad de México |b Limusa |c 1969 | ||
| 650 | 0 | |a Diseño de máquinas |9 271533 | |
| 650 | 7 | |a MECANICA INDUSTRIAL |2 CL-VaPUC |9 429010 | |
| 650 | 0 | |a Ingeniería mecánica |9 262089 | |
| 650 | 7 | |a ELEMENTOS DE MAQUINAS |2 CL-VaPUC |9 429011 | |
| 583 | |a last modification |c 19990514 00:00:00 |k Rodrigo Vera | ||
| 999 | |c 280884 |d 280882 | ||